[Event "Geller Memorial op-B1 6th"]
[Site "Odessa"]
[Date "2010.08.26"]
[Round "6"]
[White "Garifulin, Alexandr"]
[Black "Berdiugina, Elena"]
[Result "0-1"]
[WhiteElo "2277"]
[BlackElo "2091"]
[PlyCount "92"]
[EventDate "2010.08.21"]
[EventType "swiss"]
[EventRounds "9"]
[EventCountry "UKR"]
[SourceTitle "EXT 2012"]
[Source "ChessBase"]
[SourceDate "2011.11.24"]
[SourceVersion "1"]
[SourceVersionDate "2011.11.24"]
[SourceQuality "1"]

1. d4 Nf6 2. Nf3 g6 3. c4 Bg7 4. Nc3 0-0 5. g3 d6 6. Bg2 Nc6 7. 0-0 e5 8. d5 Na5 9. Nd2 c5 10. e4 a6 11. a3 b6 12. b4 Nb7 13. Rb1 Bd7 14. Qe2 Qc7 15. Re1 Rfc8 16. Bb2 Nd8 17. Bf1 Ne8 18. Qe3 f6 19. Bd3 Nf7 20. Qe2 f5 21. exf5 gxf5 22. Bc2 Nf6 23. b5 a5 24. Nd1 Re8 25. Ne3 Qc8 26. Ndf1 f4 27. Nd1 Ng5 28. Nd2 f3 29. Qd3 e4 30. Qb3 Bf5 31. Bxf6 Bxf6 32. Ne3 Bg6 33. Kh1 Bd4 34. Rbd1 Nh3 35. Rf1 a4 36. Qb1 Nxf2+ 37. Rxf2 Bxe3 38. Bxe4 Rxe4 39. Nxe4 Bxf2 40. Nf6+ Kf7 41. Ne4 Kg7 42. Qb2+ Bd4 43. Rxd4 cxd4 44. Qxd4+ Kg8 45. Nf6+ Kf7 46. Qf4 Qc5 0-1

[Event "Geller Memorial op-B1 6th"]
[Site "Odessa"]
[Date "2010.08.22"]
[Round "2"]
[White "Berdiugina, Elena"]
[Black "Kustov, Sergey"]
[Result "1-0"]
[WhiteElo "2091"]
[BlackElo "2005"]
[PlyCount "92"]
[EventDate "2010.08.21"]
[EventType "swiss"]
[EventRounds "9"]
[EventCountry "UKR"]
[SourceTitle "EXT 2012"]
[Source "ChessBase"]
[SourceDate "2011.11.24"]
[SourceVersion "1"]
[SourceVersionDate "2011.11.24"]
[SourceQuality "1"]

1. e4 e5 2. Nf3 Nc6 3. Bb5 a6 4. Ba4 Nf6 5. 0-0 b5 6. Bb3 Be7 7. Re1 d6 8. c3 Na5 9. Bc2 c5 10. d3 Bg4 11. h3 Bh5 12. Nbd2 0-0 13. Nf1 h6 14. g4 Bg6 15. Ng3 Re8 16. Nh4 Bh7 17. Nhf5 Bf8 18. Qf3 d5 19. g5 dxe4 20. dxe4 hxg5 21. Bxg5 Qb6 22. Kh2 Re6 23. Rg1 Kh8 24. Rg2 Nc4 25. Bb3 Rae8 26. Rag1 Qc6 27. Bxc4 bxc4 28. Bxf6 Rxf6 29. Qe2 Qe6 30. Nh5 Rg6 31. Nhg3 Rd8 32. Ne3 Be7 33. Ngf5 Rxg2+ 34. Rxg2 Bf6 35. Ng3 Rd3 36. Ngf5 Bg6 37. Rg3 Bxf5 38. exf5 Qd7 39. Nxc4 Rxg3 40. fxg3 Qxf5 41. Nd6 Qe6 42. Qxa6 Kh7 43. Qd3+ g6 44. b3 Qd7 45. Qd2 Qe6 46. c4 e4 1-0

[Event "Evpatoria tt U20 Girls"]
[Site "Evpatoria"]
[Date "2006.05.05"]
[Round "2"]
[White "Berdiugina, Elena"]
[Black "Hrabinska, Myroslava"]
[Result "0-1"]
[WhiteElo "2124"]
[BlackElo "2250"]
[PlyCount "68"]
[EventDate "2006.05.05"]
[EventType "team"]
[EventRounds "7"]
[EventCountry "UKR"]
[SourceTitle "CBM 112 Extra"]
[Source "ChessBase"]
[SourceDate "2006.07.14"]
[SourceVersion "1"]
[SourceVersionDate "2006.07.14"]
[SourceQuality "1"]

1. e4 c5 2. Nc3 Nc6 3. Bb5 g6 4. Bxc6 dxc6 5. h3 Bg7 6. Nf3 c4 7. 0-0 Nf6 8. Qe2 b5 9. a4 Qb6 10. e5 Nd5 11. axb5 Nxc3 12. dxc3 cxb5 13. Be3 Qc7 14. Nd4 Rb8 15. Bf4 0-0 16. Qe3 e6 17. Nf3 a5 18. Ng5 Bb7 19. h4 h6 20. Ne4 Bxe4 21. Qxe4 h5 22. Rfe1 Rfd8 23. Bc1 Rd5 24. f4 Rbd8 25. Be3 Bf8 26. Bd4 Bc5 27. Red1 Qa7 28. Kh2 a4 29. Bxc5 Qxc5 30. Rxd5 Rxd5 31. Qe1 Qe7 32. Kg3 Qd8 33. Kf3 Rd2 34. Rc1 Qd5+ 0-1

[Event "UKR-ch U20 Girls"]
[Site "Lvov"]
[Date "2006.02.09"]
[Round "8"]
[White "Arutyunova, Diana"]
[Black "Berdiugina, Elena"]
[Result "1-0"]
[WhiteElo "2326"]
[BlackElo "2121"]
[PlyCount "69"]
[EventDate "2006.02.02"]
[EventType "tourn"]
[EventRounds "9"]
[EventCountry "UKR"]
[SourceTitle "CBM 110 Extra"]
[Source "ChessBase"]
[SourceDate "2006.03.10"]
[SourceVersion "2"]
[SourceVersionDate "2006.03.10"]
[SourceQuality "1"]

1. e4 e6 2. d4 d5 3. e5 c5 4. c3 Qb6 5. Nf3 Nc6 6. Bd3 Bd7 7. 0-0 cxd4 8. cxd4 Nxd4 9. Nxd4 Qxd4 10. Nc3 Bb4 11. Nb5 Qxe5 12. Qg4 Bd6 13. Nxd6+ Qxd6 14. Qxg7 0-0-0 15. Qxh8 e5 16. Qxh7 e4 17. Be2 f5 18. Qh4 Ne7 19. Bg5 Ng6 20. Qg3 f4 21. Qc3+ Bc6 22. Bg4+ Kb8 23. Bxd8 Qxd8 24. Qg7 Qg5 25. Qg8+ Kc7 26. Qc8+ Kb6 27. a4 f3 28. a5+ Ka6 29. Qf5 Qh6 30. gxf3 exf3 31. Bxf3 Nh4 32. Be2+ b5 33. Qc8+ Bb7 34. Bxb5+ Kxb5 35. Qxb7+ 1-0

[Event "UKR-ch U20 Girls"]
[Site "Lvov"]
[Date "2006.02.08"]
[Round "7"]
[White "Dolzhikova, Kateryna"]
[Black "Berdiugina, Elena"]
[Result "1-0"]
[WhiteElo "2284"]
[BlackElo "2121"]
[PlyCount "95"]
[EventDate "2006.02.02"]
[EventType "tourn"]
[EventRounds "9"]
[EventCountry "UKR"]
[SourceTitle "CBM 110 Extra"]
[Source "ChessBase"]
[SourceDate "2006.03.10"]
[SourceVersion "2"]
[SourceVersionDate "2006.03.10"]
[SourceQuality "1"]

1. e4 g6 2. d4 Bg7 3. Nf3 c6 4. Bd3 d5 5. Nbd2 Nh6 6. 0-0 0-0 7. Re1 Na6 8. a3 Nc7 9. h3 f6 10. c4 dxe4 11. Nxe4 Nf5 12. Bc2 Nd6 13. Nxd6 Qxd6 14. Bd2 Re8 15. Bb4 Qd8 16. Qd2 Be6 17. Bb3 Bf7 18. a4 Qd7 19. Rad1 e6 20. Qf4 Rad8 21. h4 Na6 22. Bc3 Qc7 23. Qxc7 Nxc7 24. Bc2 Rd7 25. Nd2 e5 26. dxe5 fxe5 27. Ne4 Red8 28. Rxd7 Rxd7 29. Nc5 Re7 30. b3 b6 31. Nd3 e4 32. Bxg7 Kxg7 33. Nb4 Be8 34. Rxe4 Re6 35. Rxe6 Nxe6 36. Kf1 a5 37. Nd3 b5 38. Ke2 Nd4+ 39. Kd2 Bf7 40. Ne5 Be8 41. Kd3 Ne6 42. g3 Kf6 43. f4 bxa4 44. bxa4 Ke7 45. Ke3 Kf6 46. Nf3 Ng7 47. Ng5 h6 48. Ne4+ 1-0

[Event "UKR-ch U20 Girls"]
[Site "Lvov"]
[Date "2006.02.07"]
[Round "6"]
[White "Berdiugina, Elena"]
[Black "Shapoval, Galina"]
[Result "0-1"]
[WhiteElo "2121"]
[BlackElo "2102"]
[PlyCount "104"]
[EventDate "2006.02.02"]
[EventType "tourn"]
[EventRounds "9"]
[EventCountry "UKR"]
[SourceTitle "CBM 110 Extra"]
[Source "ChessBase"]
[SourceDate "2006.03.10"]
[SourceVersion "2"]
[SourceVersionDate "2006.03.10"]
[SourceQuality "1"]

1. e4 c5 2. Nc3 Nc6 3. Bb5 Nd4 4. Bc4 g6 5. Nf3 Bg7 6. Nxd4 cxd4 7. Qf3 Nf6 8. Nb5 0-0 9. Nxd4 e5 10. Nb5 d5 11. exd5 a6 12. Nc3 e4 13. Qe2 b5 14. Bb3 b4 15. Nb1 Nxd5 16. Bxd5 Qxd5 17. 0-0 Bb7 18. c3 a5 19. Re1 f5 20. a3 f4 21. axb4 f3 22. Qf1 Ba6 23. Rxa5 Qxa5 24. bxa5 Bxf1 25. Kxf1 fxg2+ 26. Kxg2 Rxa5 27. Na3 Rg5+ 28. Kf1 Rh5 29. Kg2 Be5 30. Rxe4 Rxh2+ 31. Kg1 Rh5 32. d4 Bh2+ 33. Kg2 Bd6 34. Nc4 Rh2+ 35. Kg1 Rhxf2 36. Nxd6 Rf1+ 37. Kg2 Rxc1 38. Re2 Rd8 39. Ne4 Kg7 40. b4 Re8 41. d5 h5 42. d6 Rd1 43. Kf3 h4 44. c4 Rd3+ 45. Kg4 Rd4 46. c5 Rexe4+ 47. Rxe4 Rxe4+ 48. Kh3 Kf6 49. b5 Ke6 50. b6 Rb4 51. c6 Rxb6 52. d7 Ke7 0-1

[Event "UKR-ch U20 Girls"]
[Site "Lvov"]
[Date "2006.02.05"]
[Round "4"]
[White "Berdiugina, Elena"]
[Black "Babiy, Olga"]
[Result "1-0"]
[WhiteElo "2121"]
[BlackElo "2110"]
[PlyCount "95"]
[EventDate "2006.02.02"]
[EventType "tourn"]
[EventRounds "9"]
[EventCountry "UKR"]
[SourceTitle "CBM 110 Extra"]
[Source "ChessBase"]
[SourceDate "2006.03.10"]
[SourceVersion "2"]
[SourceVersionDate "2006.03.10"]
[SourceQuality "1"]

1. d4 d5 2. Nf3 c5 3. e3 Bf5 4. dxc5 e6 5. Nd4 a6 6. Nxf5 exf5 7. Bd3 g6 8. 0-0 Bxc5 9. b3 Nf6 10. Bb2 0-0 11. Nd2 Nc6 12. Nf3 Qd6 13. a3 Rad8 14. b4 Ba7 15. c4 Ne4 16. c5 Qc7 17. Qc2 Bb8 18. g3 f6 19. Nd4 Nxd4 20. Bxd4 Ng5 21. Be2 h5 22. f4 Ne6 23. Bf3 Qf7 24. Rad1 Rd7 25. Rf2 Re8 26. Rfd2 Nc7 27. a4 Kg7 28. Qd3 a5 29. b5 Ne6 30. Rc2 Red8 31. c6 bxc6 32. bxc6 Rd6 33. Bb6 Bc7 34. Bd4 Qe8 35. Qc3 Nxd4 36. exd4 Re6 37. Qc5 h4 38. Kf2 g5 39. Bxd5 hxg3+ 40. hxg3 gxf4 41. gxf4 Qh5 42. Rg1+ Kf7 43. Bxe6+ Kxe6 44. Re2+ Be5 45. fxe5 Qh4+ 46. Rg3 Qh2+ 47. Rg2 Qh4+ 48. Kg1 1-0

[Event "UKR-ch U20 Girls"]
[Site "Lvov"]
[Date "2006.02.02"]
[Round "1"]
[White "Muzychuk, Mariya"]
[Black "Berdiugina, Elena"]
[Result "0-1"]
[WhiteElo "2167"]
[BlackElo "2121"]
[PlyCount "126"]
[EventDate "2006.02.02"]
[EventType "tourn"]
[EventRounds "9"]
[EventCountry "UKR"]
[SourceTitle "CBM 110 Extra"]
[Source "ChessBase"]
[SourceDate "2006.03.10"]
[SourceVersion "2"]
[SourceVersionDate "2006.03.10"]
[SourceQuality "1"]

1. e4 e6 2. d4 d5 3. exd5 exd5 4. Nf3 Nf6 5. Be2 Be7 6. 0-0 0-0 7. h3 c5 8. dxc5 Bxc5 9. Bg5 Nc6 10. Bxf6 Qxf6 11. Nc3 Be6 12. Nxd5 Qxb2 13. c4 Rad8 14. Bd3 g6 15. Bc2 Na5 16. Qc1 Qxc1 17. Raxc1 Ba3 18. Rb1 Nxc4 19. Nf4 Bc8 20. Rfd1 Bd6 21. Nd5 Na3 22. Rbc1 Nxc2 23. Rxc2 Kg7 24. Ne3 Bf4 25. Re1 Rfe8 26. Rce2 Kf8 27. h4 Rd3 28. Ng5 Bxe3 29. fxe3 h6 30. Nf3 Bg4 31. Kf2 Re4 32. Rb2 Bxf3 33. gxf3 Rxh4 34. Kg3 Ra4 35. Rxb7 Rxa2 36. Rc1 Ra6 37. Rcc7 Rf6 38. Rc8+ Kg7 39. Rbb8 Rb6 40. Rxb6 axb6 41. Kf4 b5 42. Rb8 Rb3 43. e4 b4 44. e5 g5+ 45. Kg4 Re3 46. Rxb4 Rxe5 47. f4 gxf4 48. Rxf4 Rg5+ 49. Kf3 Kg6 50. Rb4 h5 51. Rb6+ f6 52. Rb8 h4 53. Rh8 Rh5 54. Rg8+ Kf7 55. Rg2 f5 56. Kf4 Kf6 57. Ra2 h3 58. Ra6+ Ke7 59. Ra1 h2 60. Rh1 Ke6 61. Re1+ Kf6 62. Rh1 Rh3 63. Rg1 h1Q 0-1

[Event "UKR-ch U20 Girls"]
[Site "Kharkov"]
[Date "2005.04.28"]
[Round "10"]
[White "Berdiugina, Elena"]
[Black "Arutyunova, Diana"]
[Result "1/2-1/2"]
[WhiteElo "2123"]
[BlackElo "2343"]
[PlyCount "44"]
[EventDate "2005.04.19"]
[EventType "tourn"]
[EventRounds "11"]
[EventCountry "UKR"]
[SourceTitle "CBM 105 Extra"]
[Source "ChessBase"]
[SourceDate "2005.05.01"]
[SourceVersion "1"]
[SourceVersionDate "2005.05.01"]
[SourceQuality "1"]

1. d4 d6 2. Nc3 Nf6 3. e4 c6 4. f4 Qa5 5. Bd2 Qb6 6. Nf3 Bg4 7. e5 dxe5 8. dxe5 Nd5 9. Na4 Qd8 10. c4 Nb6 11. Nc5 Qc8 12. h3 Bf5 13. Nd4 e6 14. Nxf5 exf5 15. Nb3 Be7 16. Qf3 c5 17. Na5 0-0 18. 0-0-0 Nc6 19. Nxc6 bxc6 20. g4 f6 21. Bd3 fxe5 22. fxe5 Qa6 1/2-1/2

[Event "UKR-ch U20 Girls"]
[Site "Kharkov"]
[Date "2005.04.28"]
[Round "11"]
[White "Muzychuk, Mariya"]
[Black "Berdiugina, Elena"]
[Result "1-0"]
[WhiteElo "2059"]
[BlackElo "2123"]
[PlyCount "89"]
[EventDate "2005.04.19"]
[EventType "tourn"]
[EventRounds "11"]
[EventCountry "UKR"]
[SourceTitle "CBM 105 Extra"]
[Source "ChessBase"]
[SourceDate "2005.05.01"]
[SourceVersion "1"]
[SourceVersionDate "2005.05.01"]
[SourceQuality "1"]

1. e4 g6 2. d4 Bg7 3. Nc3 d6 4. Be3 Nd7 5. Qd2 a6 6. Be2 b6 7. f4 Bb7 8. Nf3 h6 9. 0-0-0 e6 10. h3 Qe7 11. g4 0-0-0 12. Bd3 Nb8 13. Qe2 Qd7 14. e5 Ne7 15. exd6 Qxd6 16. Ne4 Qc6 17. Ne5 Qe8 18. Rhf1 f6 19. Nf3 Nec6 20. c3 Ne7 21. Ng3 f5 22. Bd2 Rd6 23. Rde1 Qa4 24. Kb1 Bd5 25. b3 Qa3 26. Bc1 Qa5 27. Bb2 b5 28. Nd2 Bc6 29. b4 Qb6 30. c4 Qb7 31. c5 Rd7 32. Qxe6 Bd5 33. Qe3 fxg4 34. hxg4 Nbc6 35. f5 Bxd4 36. Bxd4 Nxd4 37. fxg6 Ne6 38. Nh5 Nxg6 39. Bxg6 Rhd8 40. Rf2 Kb8 41. Bf5 Re7 42. Nf4 Rde8 43. Nxd5 Qxd5 44. Qb3 Nf4 45. Rxe7 1-0

[Event "UKR-ch U20 Girls"]
[Site "Kharkov"]
[Date "2005.04.26"]
[Round "8"]
[White "Berdiugina, Elena"]
[Black "Babiy, Olga"]
[Result "1-0"]
[WhiteElo "2123"]
[BlackElo "2022"]
[PlyCount "77"]
[EventDate "2005.04.19"]
[EventType "tourn"]
[EventRounds "11"]
[EventCountry "UKR"]
[SourceTitle "CBM 105 Extra"]
[Source "ChessBase"]
[SourceDate "2005.05.01"]
[SourceVersion "1"]
[SourceVersionDate "2005.05.01"]
[SourceQuality "1"]

1. d4 d5 2. Nf3 e6 3. c3 Be7 4. Bf4 Nf6 5. e3 0-0 6. h3 b6 7. Bd3 c5 8. 0-0 Nbd7 9. Ne5 Bb7 10. Bh2 Ne8 11. f4 Nxe5 12. fxe5 f5 13. exf6 Nxf6 14. Nd2 Ne4 15. Bxe4 dxe4 16. Qg4 cxd4 17. Qxe6+ Kh8 18. cxd4 Bg5 19. Rxf8+ Qxf8 20. Nf1 Ba6 21. Qxe4 Re8 22. Be5 Re7 23. Re1 Rf7 24. Ng3 Bb7 25. d5 Qd8 26. Rd1 Bf6 27. Bxf6 Rxf6 28. Nh5 Rg6 29. Nf4 Rf6 30. Qe5 Rf7 31. d6 Bc8 32. e4 h6 33. Ng6+ Kh7 34. Ne7 b5 35. Nxc8 Qxc8 36. d7 Qd8 37. Qxb5 Rf8 38. e5 Qh4 39. Qc5 1-0

[Event "UKR-ch U20 Girls sf"]
[Site "Kharkov"]
[Date "2004.12.18"]
[Round "8"]
[White "Berdiugina, Elena"]
[Black "Finkelshtein, Evgenia"]
[Result "1-0"]
[WhiteElo "2120"]
[BlackElo "2212"]
[PlyCount "57"]
[EventDate "2004.12.11"]
[EventType "swiss"]
[EventRounds "9"]
[EventCountry "UKR"]
[SourceTitle "EXT 2006"]
[Source "ChessBase"]
[SourceDate "2005.11.24"]
[SourceVersion "1"]
[SourceVersionDate "2005.11.24"]
[SourceQuality "1"]

1. e4 c5 2. Nc3 Nc6 3. f4 e6 4. Nf3 d5 5. Bb5 Nf6 6. e5 Nd7 7. Bxc6 bxc6 8. 0-0 c4 9. b3 Ba6 10. bxc4 Nb6 11. Kh1 Bb4 12. Ne2 Nxc4 13. d3 Nb6 14. a3 Be7 15. Qe1 0-0 16. f5 exf5 17. Qg3 g6 18. Bh6 Re8 19. Nfd4 f6 20. Rxf5 c5 21. Nc6 Qd7 22. Nxe7+ Rxe7 23. Rxf6 Re6 24. Rf2 Qe7 25. Raf1 Nd7 26. Nf4 Rc6 27. Nxd5 Qe6 28. Nf6+ Nxf6 29. Rxf6 1-0

[Event "UKR-ch U20 Girls sf"]
[Site "Kharkov"]
[Date "2004.12.15"]
[Round "5"]
[White "Berdiugina, Elena"]
[Black "Stepunina, Elena"]
[Result "1/2-1/2"]
[WhiteElo "2120"]
[BlackElo "1975"]
[PlyCount "62"]
[EventDate "2004.12.11"]
[EventType "swiss"]
[EventRounds "9"]
[EventCountry "UKR"]
[SourceTitle "EXT 2006"]
[Source "ChessBase"]
[SourceDate "2005.11.24"]
[SourceVersion "1"]
[SourceVersionDate "2005.11.24"]
[SourceQuality "1"]

1. d4 d5 2. Nf3 Nf6 3. e3 e6 4. Bd3 Nbd7 5. b3 Bb4+ 6. c3 Bd6 7. Nbd2 b6 8. 0-0 Bb7 9. Bb2 0-0 10. c4 c5 11. Ne5 Ne4 12. f3 Nxd2 13. Qxd2 cxd4 14. exd4 Nxe5 15. dxe5 Bc5+ 16. Kh1 dxc4 17. bxc4 Qh4 18. Rae1 Rfd8 19. Qc2 Rac8 20. Be4 Bxe4 21. Rxe4 Qg5 22. Bc1 Qf5 23. h4 h5 24. Qc3 Be7 25. Qe1 Rd7 26. Qe2 Rcd8 27. Be3 Qg6 28. Rg1 Qg3 29. Bf2 Qg6 30. Be3 Qg3 31. Bf2 Qg6 1/2-1/2

[Event "UKR-ch U20 Girls sf"]
[Site "Kharkov"]
[Date "2004.12.14"]
[Round "4"]
[White "Gorbatenko, Kateryna"]
[Black "Berdiugina, Elena"]
[Result "1-0"]
[WhiteElo "2034"]
[BlackElo "2120"]
[PlyCount "109"]
[EventDate "2004.12.11"]
[EventType "swiss"]
[EventRounds "9"]
[EventCountry "UKR"]
[SourceTitle "EXT 2006"]
[Source "ChessBase"]
[SourceDate "2005.11.24"]
[SourceVersion "1"]
[SourceVersionDate "2005.11.24"]
[SourceQuality "1"]

1. e4 g6 2. d4 Bg7 3. Nc3 d6 4. Be3 a6 5. Qd2 Nd7 6. f4 b5 7. Nf3 Ngf6 8. Bd3 Bb7 9. a3 e6 10. 0-0 Ng4 11. Ne2 c5 12. c3 0-0 13. e5 Bxf3 14. Rxf3 dxe5 15. dxe5 Nxe3 16. Qxe3 Qc7 17. Ng3 c4 18. Bc2 Nc5 19. Rd1 Rad8 20. Rff1 a5 21. Rd4 Rfe8 22. Rfd1 Bf8 23. Qd2 Be7 24. Kh1 Qb6 25. Qe2 f5 26. Nf1 Qc6 27. Ne3 a4 28. Nf1 Nb7 29. R1d2 Bc5 30. Rxd8 Rxd8 31. Bd1 Bb6 32. Qe1 Qc5 33. Rxd8+ Nxd8 34. Ng3 Qe3 35. Qxe3 Bxe3 36. Ne2 Nb7 37. Nd4 Bxf4 38. Nxb5 Bxe5 39. Bxa4 Nc5 40. Bc2 Bf4 41. a4 Bc1 42. Bd1 Nd3 43. Be2 Nxb2 44. a5 Na4 45. Bxc4 Kf7 46. a6 Nb6 47. a7 Bf4 48. Nd4 Ke7 49. Bxe6 Kd6 50. Bg8 h6 51. Bh7 g5 52. Bxf5 Kd5 53. Bg4 Kc4 54. Bf3 Kxc3 55. Ne2+ 1-0

[Event "UKR-ch U18 Girls"]
[Site "Lvov"]
[Date "2004.02.28"]
[Round "11"]
[White "Berdiugina, Elena"]
[Black "Chulivska, Vita"]
[Result "0-1"]
[WhiteElo "2113"]
[BlackElo "2177"]
[PlyCount "70"]
[EventDate "2004.02.18"]
[EventType "tourn"]
[EventRounds "11"]
[EventCountry "UKR"]
[SourceTitle "EXT 2008"]
[Source "ChessBase"]
[SourceDate "2007.11.25"]
[SourceVersion "1"]
[SourceVersionDate "2007.11.25"]
[SourceQuality "1"]

1. e4 c5 2. Nc3 Nc6 3. f4 g6 4. Nf3 Bg7 5. Bb5 Nd4 6. Bd3 d6 7. Nxd4 cxd4 8. Ne2 Nf6 9. 0-0 0-0 10. c3 e5 11. cxd4 exf4 12. Kh1 Nh5 13. Qe1 Qb6 14. Qf2 Bg4 15. Qh4 Bd7 16. d5 f5 17. Nc3 Rae8 18. Be2 fxe4 19. Bxh5 gxh5 20. d3 e3 21. Qxh5 Re5 22. Qe2 Qd8 23. d4 Rg5 24. Bxe3 fxe3 25. Qxe3 Rgf5 26. Rxf5 Bxf5 27. Re1 Qf6 28. Ne2 Bg4 29. h3 Bxe2 30. Qxe2 Kh8 31. Rd1 Qf2 32. Qe7 Qg3 33. b4 Rg8 34. Qe4 Bh6 35. Rd3 Qf2 0-1

[Event "UKR-ch U18 Girls"]
[Site "Lvov"]
[Date "2004.02.25"]
[Round "8"]
[White "Hryhorenko, Nataliya"]
[Black "Berdiugina, Elena"]
[Result "1-0"]
[WhiteElo "2328"]
[BlackElo "2120"]
[PlyCount "47"]
[EventDate "2004.02.18"]
[EventType "tourn"]
[EventRounds "11"]
[EventCountry "UKR"]
[SourceTitle "EXT 2008"]
[Source "ChessBase"]
[SourceDate "2007.11.25"]
[SourceVersion "1"]
[SourceVersionDate "2007.11.25"]
[SourceQuality "1"]

1. d4 g6 2. Nf3 Bg7 3. g3 Nf6 4. c4 0-0 5. Bg2 d6 6. 0-0 Nc6 7. Nc3 a6 8. b3 Rb8 9. Nd5 Bg4 10. Bb2 Qd7 11. Ne3 Bh3 12. d5 Nd8 13. Qc2 Bxg2 14. Kxg2 e5 15. dxe6 fxe6 16. c5 d5 17. Ne5 Qe8 18. c6 bxc6 19. Rac1 Ne4 20. f3 Nd6 21. N3g4 a5 22. Nxc6 Bxb2 23. Qxb2 Nxc6 24. Nh6# 1-0

[Event "UKR-ch U18 Girls"]
[Site "Lvov"]
[Date "2004.02.20"]
[Round "3"]
[White "Berdiugina, Elena"]
[Black "Orlyanskaya, Darya"]
[Result "1-0"]
[WhiteElo "2113"]
[BlackElo "2105"]
[PlyCount "95"]
[EventDate "2004.02.18"]
[EventType "tourn"]
[EventRounds "11"]
[EventCountry "UKR"]
[SourceTitle "EXT 2008"]
[Source "ChessBase"]
[SourceDate "2007.11.25"]
[SourceVersion "1"]
[SourceVersionDate "2007.11.25"]
[SourceQuality "1"]

1. e4 c5 2. Nc3 Nc6 3. f4 g6 4. Nf3 Bg7 5. Bb5 e6 6. Bxc6 bxc6 7. d3 d5 8. e5 Ne7 9. 0-0 Ba6 10. Qe2 0-0 11. Qf2 c4 12. d4 Qc7 13. g4 Rab8 14. Rb1 Rfc8 15. Be3 Qa5 16. Qh4 Rb7 17. Rf2 Rcb8 18. Bd2 Qd8 19. Na4 Rb5 20. Bc3 Bc8 21. Nc5 Qe8 22. a4 R5b6 23. b3 cxb3 24. cxb3 h6 25. Ba5 Bf8 26. Rc2 g5 27. fxg5 Ng6 28. Qg3 Bxc5 29. dxc5 Rxb3 30. Rxb3 Rxb3 31. gxh6 Rb1+ 32. Kf2 Ba6 33. Nd2 Ra1 34. h7+ Kxh7 35. Nf3 Rxa4 36. Bd2 Re4 37. Ng5+ Kg8 38. Nxe4 dxe4 39. Ra2 Bc4 40. Rxa7 Qb8 41. Ra4 Bd3 42. Rb4 Qa7 43. Qe3 Nxe5 44. Qg5+ Ng6 45. Rd4 Qa1 46. Rd8+ Kg7 47. Qh6+ Kf6 48. Bg5+ 1-0

[Event "UKR-ch U18 Girls"]
[Site "Lvov"]
[Date "2004.02.18"]
[Round "1"]
[White "Berdiugina, Elena"]
[Black "Shepeleva, Sofia"]
[Result "1-0"]
[WhiteElo "2113"]
[BlackElo "1824"]
[PlyCount "85"]
[EventDate "2004.02.18"]
[EventType "tourn"]
[EventRounds "11"]
[EventCountry "UKR"]
[SourceTitle "EXT 2008"]
[Source "ChessBase"]
[SourceDate "2007.11.25"]
[SourceVersion "1"]
[SourceVersionDate "2007.11.25"]
[SourceQuality "1"]

1. e4 e5 2. Nf3 Nf6 3. Nc3 Bb4 4. Nxe5 0-0 5. Be2 Re8 6. Nd3 Bxc3 7. dxc3 Nxe4 8. Nf4 Nc6 9. 0-0 d6 10. c4 Bf5 11. Nd5 Qd7 12. f3 Nc5 13. a3 Nd4 14. Ne3 Rxe3 15. Bxe3 Nxc2 16. Bxc5 Nxa1 17. Bf2 Nc2 18. Bd3 Nxa3 19. bxa3 Bxd3 20. Qxd3 a6 21. Re1 h6 22. Bh4 b5 23. c5 Qc6 24. cxd6 cxd6 25. Rd1 Qc4 26. Qxc4 bxc4 27. Rxd6 g5 28. Be1 Rc8 29. Bc3 Kh7 30. Rxa6 Rd8 31. Rc6 Rd1+ 32. Kf2 Rc1 33. Rxc4 Rc2+ 34. Kg3 h5 35. a4 h4+ 36. Kh3 Ra2 37. a5 Kg6 38. Rc6+ Kh5 39. g4+ hxg3 40. hxg3 g4+ 41. fxg4+ Kg5 42. a6 Re2 43. a7 1-0